KPOP Groups (2) - Sudden Death - Statistics

General Stats
  • This quiz has been taken 6,861 times
  • The average score is 8 of 20
Answers on the Grid
Answers color-coded by a green-red scale on the quiz's grid according to % correct below.
ZON3
KEP1ER
CANDY BULLET
aespa
BTS
&TEAM
TXT
HeartsxHearts
EVERMORE
BADGIRLZ
WOAH!
MEMI
GOT the beat
CLARENCE
BADVILLAIN
EXIN
Ordinary Heroes
NMIXX
(G)-IDLE
Promise_9
RESCENE
BoyzRUs
M[ON]STER
Candy Bubbles
ORANGE CARAMEL
SMART
UNIR
D:OA
MONSTERX
Red Velvet
Weeekend
DIAMOND GIRLS
NCT221
NCT Dream
MaiaRose
NCT17
Starboys
KiiiKiii
DIVE
UNIVERSAL
ATEEZ
VVNN
BLACKPINK
NAYACHE
BlastErs
Jokers
XO
INFINITE
MAVE:
BBG
DREAMCATCHER
TWS
 
Answer Stats
Answer % Correct
TXT
55%
BLACKPINK
54%
BTS
54%
aespa
53%
ATEEZ
52%
(G)-IDLE
52%
NCT Dream
50%
Red Velvet
49%
NMIXX
48%
KEP1ER
47%
DREAMCATCHER
46%
&TEAM
38%
TWS
38%
BADVILLAIN
34%
KiiiKiii
34%
ORANGE CARAMEL
31%
GOT the beat
29%
INFINITE
28%
MAVE:
22%
RESCENE
22%
No matching quizzes found
Score Distribution
Percent of People with Each Score
Percentile by Number Answered
Your Score History
You have not taken this quiz